| 000 -Cabeçalho do registo |
| Cabeçalho |
00814nam a2200193 4500 |
| 001 - Identificador do registo |
| Campo de controlo |
32669 |
| 100 ## - Dados gerais de processamento |
| Dados gerais de processamento |
20260401d2003 u||y0pory50 ba |
| 101 ## - Língua de publicação |
| Língua do texto, banda sonora, etc. |
Português |
| 102 ## - Pais de publicação ou produção |
| País de publicação |
Portugal |
| 200 ## - Titulo e menção de responsabilidade |
| Título próprio |
A Enguia-Europeia, anguilla anguilla (L. 1758), na bacia hidrográfica do Rio Mondego |
| Primeira menção de responsabilidade |
Isabel Maria Madaleno Domingos |
| 210 ## - Publicação, Distribuição, etc. |
| Lugar da edição, distribuição, etc. |
Portugal, Lisboa |
| Data da publicação, distribuição, etc. |
2003 |
| 215 ## - Descrição física |
| Indicação específica da natureza do documento e extensão da espécie |
293 p. |
| Outras indicações físicas |
il. color |
| Dimensões |
30 cm |
| 300 ## - Notas gerais |
| Texto da nota |
Nota: Dissertação para obtenção do grau de Doutor em Biologia (Ecologia e Biossistemática) |
| 328 ## - Nota de dissertação ou tese |
| Texto da nota |
Objetivo: dar a conhecer a dinâmica do stock de enguia-europeia Anguilla anguilla na bacia hidrográfica do Rio Mondego |
| 345 ## - Nota informativa sobre aquisição |
| Modalidades de aquisição |
Oferta |
| 606 ## - Nome comum usado como assunto |
| Subdivisão geográfica |
Rio Mondego |
| Subdivisão cronológica |
2003 |
| 700 ## - Nome de autor-pessoa física (responsabilidade principal) |
| Palavra de ordem |
Domingos |
| Outra parte do nome não tomada para palavra de ordem |
Isabel Maria Madaleno |
| 702 ## - Nome de autor-pessoa física (responsabilidade secundária) |
| Outra parte do nome não tomada para palavra de ordem |
Faculdade de Ciências da Universidade de Lisboa |